Car Models by Picture #2 - Statistics

General Stats
  • This quiz has been taken 516 times
  • The average score is 8 of 12
Answer Stats
Picture Hint Answer % Correct
Volkswagen Beetle
94%
Toyota Supra
86%
Ford Fiesta
80%
Dodge Viper
78%
Lamborghini Countach
70%
Aston Martin DB5
54%
Fiat Panda
54%
Renault Twingo
53%
Mercedes-Benz SLS AMG
51%
Bentley Bentayga
48%
Subaru BRZ
46%
Kia Ceed
37%
No matching quizzes found
Score Distribution
Percent of People with Each Score
Percentile by Number Answered
Your Score History
You have not taken this quiz